Online
Catalog

Lluvia y piedra / (Record no. 47830)

MARC details
000 -CABECERA
campo de control de longitud fija 00662nam a2200217 a 4500
001 - NÚMERO DE CONTROL
campo de control 000048342
003 - IDENTIFICADOR DEL NÚMERO DE CONTROL
campo de control DO-SdBNP
005 - FECHA Y HORA DE LA ÚLTIMA TRANSACCIÓN
campo de control 20220630111542.0
007 - CAMPO FIJO DE DESCRIPCIÓN FÍSICA--INFORMACIÓN GENERAL
campo de control de longitud fija ta
008 - DATOS DE LONGITUD FIJA--INFORMACIÓN GENERAL
campo de control de longitud fija 190208s2009 dr 000 p spa d
020 ## - NÚMERO INTERNACIONAL ESTÁNDAR DEL LIBRO
Número Internacional Estándar del Libro 9789945420524
040 ## - FUENTE DE LA CATALOGACIÓN
Centro catalogador/agencia de origen DO-SdBNP
Lengua de catalogación spa
Centro/agencia transcriptor BNPHU
082 #4 - NÚMERO DE LA CLASIFICACIÓN DECIMAL DEWEY
Número de documento/Ítem F363L
Número de edición 22
100 1# - ENTRADA PRINCIPAL--NOMBRE DE PERSONA
Nombre de persona Fernández, R. A.
9 (RLIN) 73373
Forma completa/desarrollada del nombre Papo
245 10 - MENCIÓN DE TÍTULO
Título Lluvia y piedra /
Mención de responsabilidad, etc. Ramón Fernández Martínez-Papo.
260 ## - PUBLICACIÓN, DISTRIBUCIÓN, ETC.
Lugar de publicación, distribución, etc. San Francisco de Macorís, República Dominicana :
Nombre del editor, distribuidor, etc. Angeles de Fierro,
Fecha de publicación, distribución, etc. 2009.
300 ## - DESCRIPCIÓN FÍSICA
Extensión 76 p. ;
Dimensiones 21 cm.
500 ## - NOTA GENERAL
Nota general Incluye datos biográficos del autor en las solapas
590 ## - NOTA LOCAL (RLIN)
Nota local Inventariado, 2019/LP
942 ## - ELEMENTOS DE PUNTO DE ACCESO ADICIONAL (KOHA)
Fuente del sistema de clasificación o colocación Dewey Decimal Classification
Tipo de ítem Koha Libro
Holdings
Estado de retiro Estado de pérdida Fuente del sistema de clasificación o colocación Restricciones de uso No para préstamo Código de colección Localización permanente Ubicación/localización actual Ubicación en estantería Fecha de adquisición Signatura topográfica completa Código de barras Fecha visto por última vez Precio válido a partir de Tipo de ítem Koha Fuente de adquisición Total de préstamos Número de copia
    Dewey Decimal Classification Excluido de préstamo   Patrimonio Dominicano Biblioteca Nacional Pedro Henríquez Ureña Biblioteca Nacional Pedro Henríquez Ureña Depósito 08.02.2019 BNPHU PD 363L 48342-10 25.06.2020 25.06.2020 Libro      
    Dewey Decimal Classification Excluido de préstamo   Patrimonio Dominicano Biblioteca Nacional Pedro Henríquez Ureña Biblioteca Nacional Pedro Henríquez Ureña En catalogación 30.06.2022 BNPHUPD F363L 2022-3262 30.06.2022 30.06.2022 Libro Depósito Legal   e.2

Powered by Koha